00585 2200193 4500001002100000005001500021035002000036008004100056245006000097100002900157260003400186300002700220084002000247082001000267650007000277250000600347020001800353990002000371INLIS00000000000348320241223033101 a0010-1224001015241223 0 ind 1 aDasar-Dasar Perlindungan Tanaman :bUmum /cDjafaruddin aDjafaruddin, Djafaruddin aJakarta :bBumi Aksara,c2004 a120 hlm. ;c15 x 21 cm a632.3 DJA D C.1 a632.3 4aPenyakit pada Tanaman Pertanian, Penyakit pada Tumbuhan Pertanian a1 a979-526-234-3 a051211200006202